| 000 | 00620nam a2200217 u 4500 | ||
|---|---|---|---|
| 005 | 20220527195755.0 | ||
| 008 | 180207s2001 r 000 0 eng d | ||
| 020 | _a8477204055 | ||
| 035 | _aUPN01000222772 | ||
| 049 | _aCG | ||
| 050 | 4 |
_aPS3511 I8 _bC3.3 2001 |
|
| 100 | 1 |
_aFisher, Robert, _d1922- _931014 |
|
| 245 | 1 | 3 |
_aEl caballero de la armadura oxidada / _cRobert Fisher. |
| 250 | _a55a ed. | ||
| 260 |
_aBarcelona, Esp. : _bObelisco, _c2001. |
||
| 300 | _a93 p. | ||
| 650 | 0 |
_aCaballeros y caballerĂa _vNovela _94452 |
|
| 650 | 4 |
_aCONDUCTA DE VIDA - _vNOVELA _919453 |
|
| 905 | _aLibro | ||
| 999 |
_c194869 _d194869 |
||